000 00562nam a2200205Ia 4500
005 20250508162206.0
008 008 250505s9999 xx 000 0 hin d
037 _aTextual
040 _aFEDL
_beng
_cFEDL
041 _ahin
_2eng
084 _a020, RAN
_qFEDL
100 _aRanganathan S R
245 0 _aPustkalya vigyan ke panch sutra
260 _aJaipur, India
_bRajasthan Hindi Granth Akademi
_c1980
300 _axvii,367p.
365 _aINR
_b27
650 _aLibrary Science
942 _cTEXL
_h020, RAN
999 _c1374936
_d1374936